Counterexamples in topology /

Guardado en:
Autor Principal: Steen, Lynn Arthur, 1941-
Otros Autores: Seebach, J. Arthur.
Formato: Libro
Idioma:English
Publicado: New York : Holt, Rinehart and Winston, c1970.
Materias:
Etiquetas: Agregar Etiqueta
Sin Etiquetas, Sea el primero en etiquetar este registro!
LEADER 00688cam a2200217 a 4500
001 MAT.inmabb003227
008 700804s1970####nyua#####b####001#0#eng##
005 20130416133229.0
245 1 0 |a Counterexamples in topology /  |c Lynn A. Steen, J. Arthur Seebach, Jr. 
260 |a New York :  |b Holt, Rinehart and Winston,  |c c1970. 
300 |a xiii, 210 p. :  |b il. ;  |c 24 cm. 
504 |a Bibliografía: p. 202-204. 
510 4 |a MR,  |c 42 #1040 
020 |a 0030794854 
100 1 |a Steen, Lynn Arthur,  |d 1941- 
700 1 |a Seebach, J. Arthur. 
650 0 |a Topological spaces. 
084 |a 54-01  |2 msc2000 
010 |a  77121844  
040 |a DLC  |c DLC  |d DLC 
859 |h 54  |i St814  |p A-6239  |b BIB. MATEMATICA